Statistics for Super Smash Bros. Ultimate Spirits Quiz pt. 2 (501-1000)

Click here to take the quiz!

General Stats

  • This quiz has been taken 3 times
  • The average score is 196 of 500

Answer Stats

Spirit NameCategorySeries% Correct
Roy (Fire Emblem)FighterFire Emblem
100%
Mega ManFighterMega Man
100%
CharlieMasterPikmin
100%
DedenneSupportPokémon
100%
PalutenaFighterKid Icarus
100%
ChromFighterFire Emblem
100%
PitFighterKid Icarus
100%
ShulkFighterXenoblade Chronicles
100%
R.O.B.FighterR.O.B.
100%
NessFighterEarthBound
100%
LucasFighterEarthBound
100%
IsabelleFighterAnimal Crossing
100%
Tom NookPrimaryAnimal Crossing
100%
PAC-MANFighterPAC-MAN
100%
BallSupportGame & Watch
100%
Mr. Game & WatchFighterGame & Watch
100%
Dr. WilySupportMega Man
100%
AlphFighterPikmin
100%
Cut ManPrimaryMega Man
100%
Captain FalconFighterF-Zero
100%
Air ManSupportMega Man
100%
Wii Fit Trainer (Male)MaleWii Fit
100%
Wii Fit Trainer (Female)FighterWii Fit
100%
Blood FalconPrimaryF-Zero
100%
Corrin (Female)FighterFire Emblem
100%
Corrin (Male)FighterFire Emblem
100%
Robin (Female)FighterFire Emblem
100%
Ice ClimbersFighterIce Climbers
100%
Robin (Male)FighterFire Emblem
100%
Polar BearSupportIce Climbers
100%
MarthFighterFire Emblem
100%
LucinaFighterFire Emblem
100%
WarioFighterWarioWare
100%
Dark PitFighterKid Icarus
100%
RexPrimaryXenoblade Chronicles
100%
AmySupportSonic the Hedgehog
100%
5-VoltPrimaryWarioWare
100%
Silver the HedgehogSupportSonic the Hedgehog
100%
RyuFighterStreet Fighter
100%
KenFighterStreet Fighter
100%
OlimarFighterPikmin
100%
BlankaPrimaryStreet Fighter
100%
TailsSupportSonic the Hedgehog
100%
Dr. EggmanPrimarySonic the Hedgehog
100%
Sonic the HedgehogFighterSonic the Hedgehog
100%
PyraSupportXenoblade Chronicles
100%
Dr. LightSupportMega Man
67%
RollSupportMega Man
67%
RushSupportMega Man
67%
Proto ManPrimaryMega Man
67%
Rouge the BatSupportSonic the Hedgehog
67%
Guts ManPrimaryMega Man
67%
Ice ManSupportMega Man
67%
LynPrimaryFire Emblem
67%
Bomb ManSupportMega Man
67%
Fire ManPrimaryMega Man
67%
Shadow the HedgehogPrimarySonic the Hedgehog
67%
Solid SnakeFighterMetal Gear Solid
67%
Big the CatPrimarySonic the Hedgehog
67%
Ike (Radiant Dawn)FighterFire Emblem
67%
Super SonicPrimarySonic the Hedgehog
67%
Metal SonicPrimarySonic the Hedgehog
67%
KnucklesPrimarySonic the Hedgehog
67%
Naked SnakePrimaryMetal Gear Solid
67%
XPrimaryMega Man X
67%
Snake ManPrimaryMega Man
67%
Leif (Fire Emblem)PrimaryFire Emblem
67%
Wood ManPrimaryMega Man
67%
GammaPrimarySonic the Hedgehog
67%
ChaoPrimarySonic the Hedgehog
67%
MedeusSupportFire Emblem
67%
Quick ManSupportMega Man
67%
LissaSupportFire Emblem
67%
Elec ManPrimaryMega Man
67%
Cream & CheeseSupportSonic the Hedgehog
67%
XanderPrimaryFire Emblem
67%
AnnaMasterFire Emblem
67%
ViridiSupportKid Icarus
67%
HadesPrimaryKid Icarus
67%
Winged PikminSupportPikmin
67%
Purple PikminPrimaryPikmin
67%
White PikminSupportPikmin
67%
Eggplant WizardSupportKid Icarus
67%
Yellow PikminSupportPikmin
67%
Blue PikminSupportPikmin
67%
BulborbPrimaryPikmin
67%
Red PikminSupportPikmin
67%
BrittanySupportPikmin
67%
Dribble & SpitzSupportWarioWare
67%
9-Volt & 18-VoltSupportWarioWare
67%
LouiePrimaryPikmin
67%
MonaSupportWarioWare
67%
Rock PikminPrimaryPikmin
67%
MedusaPrimaryKid Icarus
67%
HinokaPrimaryFire Emblem
67%
Timmy & TommyMasterAnimal Crossing
67%
Sakura (Fire Emblem)SupportFire Emblem
67%
Jimmy TPrimaryWarioWare
67%
CamillaPrimaryFire Emblem
67%
LeoPrimaryFire Emblem
67%
OmegaPrimarySonic the Hedgehog
67%
Blaze the CatSupportSonic the Hedgehog
67%
FireSupportGame & Watch
67%
Yellow WollywogSupportPikmin
67%
Young CricketSupportWarioWare
67%
OctopusPrimaryGame & Watch
67%
AshleySupportWarioWare
67%
Oil PanicSupportGame & Watch
67%
OrbulonSupportWarioWare
67%
Dr. CrygorPrimaryWarioWare
67%
Kat & AnaMasterWarioWare
67%
Gray FoxPrimaryMetal Gear Solid
67%
Flash ManSupportMega Man
67%
Ike (Path of Radiance)FighterFire Emblem
67%
FioraSupportXenoblade Chronicles
67%
PooPrimaryEarthBound
67%
JeffSupportEarthBound
67%
PaulaPrimaryEarthBound
67%
King HippoSupportPunch-Out!!
67%
EggplantSupportIce Climbers
67%
AnaSupportEarthBound
67%
NintenPrimaryEarthBound
67%
Detective PikachuSupportDetective Pikachu
67%
GhostsPrimaryPAC-MAN
67%
LunalaPrimaryPokémon
67%
SolgaleoPrimaryPokémon
67%
Tapu KokoPrimaryPokémon
67%
MimikyuSupportPokémon
67%
TogedemaruPrimaryPokémon
67%
BewearPrimaryPokémon
67%
BoneyPrimaryEarthBound
67%
MòragPrimaryXenoblade Chronicles
67%
Sakura (Street Fighter)PrimaryStreet Fighter
67%
CammyPrimaryStreet Fighter
67%
M. BisonPrimaryStreet Fighter
67%
GuilePrimaryStreet Fighter
67%
Chun-LiPrimaryStreet Fighter
67%
Duck huntFighterDuck hunt
67%
ReshiramPrimaryPokémon
67%
YveltalPrimaryPokémon
67%
ZekromPrimaryPokémon
67%
ToraPrimaryXenoblade Chronicles
67%
KyuremSupportPokémon
67%
MythraSupportXenoblade Chronicles
67%
LinSupportXenoblade Chronicles
67%
XerneasPrimaryPokémon
67%
Mr. SaturnSupportEarthBound
67%
TeddyPrimaryEarthBound
67%
Mr. EADSupportF-Zero
67%
The SkullSupportF-Zero
67%
ClausPrimaryEarthBound
67%
Dr. StewartMasterF-Zero
67%
Little MacFighterPunch-Out!!
67%
Jody SummerSupportF-Zero
67%
Black ShadowPrimaryF-Zero
67%
TreeSupportWii Fit
67%
KumatoraPrimaryEarthBound
67%
CondorSupportIce Climbers
67%
ReynPrimaryXenoblade Chronicles
33%
LaoPrimaryXenoblade Chronicles
33%
Galaxy ManSupportMega Man
33%
Slash ManPrimaryMega Man
33%
Dark Man 4SupportMega Man
33%
NiaPrimaryXenoblade Chronicles
33%
Skull ManPrimaryMega Man
33%
Empress BulblaxPrimaryPikmin
33%
FormulaSupportXenoblade Chronicles
33%
Hard ManSupportMega Man
33%
TatsuSupportXenoblade Chronicles
33%
ElmaPrimaryXenoblade Chronicles
33%
Dive ManSupportMega Man
33%
SharlaSupportXenoblade Chronicles
33%
Spark ManSupportMega Man
33%
Star Force Mega ManPrimaryMega Man Star Force
33%
Metal FacePrimaryXenoblade Chronicles
33%
Riki (Xenoblade Chronicles)MasterXenoblade Chronicles
33%
MeliaPrimaryXenoblade Chronicles
33%
DunbanPrimaryXenoblade Chronicles
33%
Top ManSupportMega Man
33%
Mecha-FioraPrimaryXenoblade Chronicles
33%
MumkharPrimaryXenoblade Chronicles
33%
Doc LouisMasterPunch-Out!!
33%
MegaMan.EXEPrimaryMega Man Battle Network
33%
Hero ChaoPrimarySonic the Hedgehog
33%
Cardboard BoxSupportMetal Gear Solid
33%
GenPrimaryStreet Fighter
33%
DanPrimaryStreet Fighter
33%
T. HawkPrimaryStreet Fighter
33%
Dee JayPrimaryStreet Fighter
33%
Fei LongSupportStreet Fighter
33%
ChaotixPrimarySonic the Hedgehog
33%
SagatPrimaryStreet Fighter
33%
VegaPrimaryStreet Fighter
33%
ChaosPrimarySonic the Hedgehog
33%
BalrogSupportStreet Fighter
33%
DhalsimSupportStreet Fighter
33%
Emperor BulblaxSupportPikmin
33%
Super ShadowPrimarySonic the Hedgehog
33%
Tron BonnePrimaryMega Man Legends
33%
ZangiefMasterStreet Fighter
33%
MegaMan VolnuttPrimaryMega Man Legends
33%
Chun-Li (Street Fighter Alpha)PrimaryStreet Fighter
33%
E. HondaSupportStreet Fighter
33%
Jet the HawkSupportSonic the Hedgehog
33%
Gangster, Lady, & PolicemanSupportHogan's Alley
33%
InfinitePrimarySonic the Hedgehog
33%
Wild GunmanPrimaryWild Gunman
33%
SigmaPrimaryMega Man X
33%
ZekePrimaryXenoblade Chronicles
33%
Zero (Z-Saber)PrimaryMega Man X
33%
Swooping SnitchbugSupportPikmin
33%
Burrowing SnagretPrimaryPikmin
33%
LyleSupportAnimal Crossing
33%
Copper & BookerMasterAnimal Crossing
33%
JoanSupportAnimal Crossing
33%
TortimerSupportAnimal Crossing
33%
Kapp'nSupportAnimal Crossing
33%
Giga MacPrimaryPunch-Out!!
33%
Kapp'n (Wild World)SupportAnimal Crossing
33%
Able SistersSupportAnimal Crossing
33%
BlathersSupportAnimal Crossing
33%
Super Macho ManPrimaryPunch-Out!!
33%
CelesteSupportAnimal Crossing
33%
HarrietSupportAnimal Crossing
33%
KicksSupportAnimal Crossing
33%
PeteSupportAnimal Crossing
33%
Cyrus & ReeseSupportAnimal Crossing
33%
Leif (Animal Crossing)SupportAnimal Crossing
33%
DigbyPrimaryAnimal Crossing
33%
LottiePrimaryAnimal Crossing
33%
Bear HuggerPrimaryPunch-Out!!
33%
Mr. SandmanPrimaryPunch-Out!!
33%
BassPrimaryMega Man
33%
Bald BullSupportPunch-Out!!
33%
Glass JoePrimaryPunch-Out!!
33%
BeatSupportMega Man
33%
AutoSupportMega Man
33%
Phyllis & PellySupportAnimal Crossing
33%
GracieSupportAnimal Crossing
33%
Plasm WraithPrimaryPikmin
33%
Villager (Boy)FighterAnimal Crossing
33%
Smoky ProggSupportPikmin
33%
DuoPrimaryMega Man
33%
Iridescent Glint BeetleSupportPikmin
33%
Metal Gear RAYPrimaryMetal Gear Solid
33%
Wii Balance BoardMasterWii Fit
33%
Crash ManSupportMega Man
33%
TURN-TO-BLUESupportPAC-MAN
33%
PetPrimaryWii Fit
33%
Stack-UpSupportR.O.B.
33%
GyromiteSupportR.O.B.
33%
Metal ManPrimaryMega Man
33%
Villager (Girl)FighterAnimal Crossing
33%
Von KaiserPrimaryPunch-Out!!
33%
Yellow DevilPrimaryMega Man
33%
JackknifeSupportWii Fit
33%
Tom Nook (Nookington's)PrimaryAnimal Crossing
33%
Mother FairySupportPAC-MAN
33%
Piston HondoSupportPunch-Out!!
33%
DJ K.K.PrimaryAnimal Crossing
33%
K.K. SliderPrimaryAnimal Crossing
33%
ResettiPrimaryAnimal Crossing
33%
DonPrimaryAnimal Crossing
33%
Deep BreathingSupportWii Fit
33%
Don FlamencoPrimaryPunch-Out!!
33%
ReddSupportAnimal Crossing
33%
Metal Gear ZEKEPrimaryMetal Gear Solid
33%
JirachiSupportPokémon
33%
Alm & Celica (Young)PrimaryFire Emblem
33%
Black KnightPrimaryFire Emblem
33%
NihilegoSupportPokémon
33%
PyukumukuSupportPokémon
33%
SotheSupportFire Emblem
33%
RowletPrimaryPokémon
33%
VolcanionSupportPokémon
33%
Hoopa (Unbound)PrimaryPokémon
33%
Hoopa (Confined)PrimaryPokémon
33%
AshnardSupportFire Emblem
33%
Mega DianciePrimaryPokémon
33%
DianciePrimaryPokémon
33%
Zygarde (Complete Forme)PrimaryPokémon
33%
ZelgiusPrimaryFire Emblem
33%
Zygarde (50% Forme)PrimaryPokémon
33%
MicaiahPrimaryFire Emblem
33%
MagearnaSupportPokémon
33%
Lon'quSupportFire Emblem
33%
CordeliaPrimaryFire Emblem
33%
TharjaPrimaryFire Emblem
33%
GangrelPrimaryFire Emblem
33%
InkaySupportPokémon
33%
AegislashSupportPokémon
33%
ChespinPrimaryPokémon
33%
SeveraPrimaryFire Emblem
33%
AzuraSupportFire Emblem
33%
GenesectPrimaryPokémon
33%
Meloetta (Aria Forme)SupportPokémon
33%
RyomaMasterFire Emblem
33%
TakumiPrimaryFire Emblem
33%
NecrozmaSupportPokémon
33%
EphraimPrimaryFire Emblem
33%
EliseSupportFire Emblem
33%
TikiPrimaryFire Emblem
33%
CaedaPrimaryFire Emblem
33%
JagenPrimaryFire Emblem
33%
DraugPrimaryFire Emblem
33%
WrysSupportFire Emblem
33%
Bord & Cord & BarstPrimaryFire Emblem
33%
Samurai GorohPrimaryF-Zero
33%
NavarreSupportFire Emblem
33%
PicoPrimaryF-Zero
33%
Masked ManPrimaryEarthBound
33%
Absolutely Safe CapsulePrimaryEarthBound
33%
LindeSupportFire Emblem
33%
Ultimate ChimeraSupportEarthBound
33%
SalsaPrimaryEarthBound
33%
Tiki (Naga's Voice)PrimaryFire Emblem
33%
EirikaPrimaryFire Emblem
33%
DusterPrimaryEarthBound
33%
HinawaSupportEarthBound
33%
FlintPrimaryEarthBound
33%
GharnefSupportFire Emblem
33%
Master BelchPrimaryEarthBound
33%
Alm & CelicaPrimaryFire Emblem
33%
SigurdPrimaryFire Emblem
33%
Lyn (Blade Lord)PrimaryFire Emblem
33%
EliwoodPrimaryFire Emblem
33%
Hector (Fire Emblem)SupportFire Emblem
33%
StarmanPrimaryEarthBound
33%
Flying ManPrimaryEarthBound
33%
EVEPrimaryEarthBound
33%
LloydPrimaryEarthBound
33%
Keldeo (Resolute Form)PrimaryPokémon
33%
OwainPrimaryFire Emblem
33%
DarkraiSupportPokémon
33%
Revolver Ocelot (Metal Gear Solid 3)PrimaryMetal Gear Solid
33%
MagnusPrimaryKid Icarus
33%
DyntosMasterKid Icarus
33%
Shaymin (Land Forme)PrimaryPokémon
33%
Wario (Overalls)FighterWario Land
33%
Wario-ManPrimaryWarioWare
33%
5-Volt (Angry)PrimaryWarioWare
33%
RaidenPrimaryMetal Gear Solid
33%
Tsubasa OribePrimaryTokyo Mirage Sessions ♯FE
33%
ManaphySupportPokémon
33%
CresseliaPrimaryPokémon
33%
Captain SyrupPrimaryWario Land
33%
AbomasnowPrimaryPokémon
33%
PhosphoraSupportKid Icarus
33%
Princess ShokoraSupportWario Land
33%
Giratina (Origin Forme)PrimaryPokémon
33%
Giratina (Altered Forme)PrimaryPokémon
33%
Liquid SnakePrimaryMetal Gear Solid
33%
RegigigasSupportPokémon
33%
Hal EmmerichSupportMetal Gear Solid
33%
Roy CampbellSupportMetal Gear Solid
33%
PalkiaPrimaryPokémon
33%
Mei LingSupportMetal Gear Solid
33%
DialgaPrimaryPokémon
33%
Uxie, Mesprit, & AzelfPrimaryPokémon
33%
RotomSupportPokémon
33%
Shaymin (Sky Forme)PrimaryPokémon
33%
Big BossPrimaryMetal Gear Solid
33%
ArceusPrimaryPokémon
33%
DaybreakSupportKid Icarus
33%
LionPrimaryGame & Watch
33%
Fire AttackPrimaryGame & Watch
33%
GarchompPrimaryPokémon
33%
HelmetSupportGame & Watch
33%
ManholeSupportGame & Watch
33%
JudgeSupportGame & Watch
33%
VictiniSupportPokémon
33%
ChandelureSupportPokémon
33%
Three Sacred TreasuresPrimaryKid Icarus
33%
PiplupSupportPokémon
33%
Landorus (Therian Forme)PrimaryPokémon
33%
ZoroarkPrimaryPokémon
33%
Medusa (Kid Icarus: Uprising)PrimaryKid Icarus
33%
TwinbellowsSupportKid Icarus
33%
HewdrawPrimaryKid Icarus
33%
PandoraPrimaryKid Icarus
33%
OshawottPrimaryPokémon
33%
ThanatosPrimaryKid Icarus
33%
Hades (Final Form)PrimaryKid Icarus
33%
SpecknosePrimaryKid Icarus
33%
Model XPrimaryMega Man ZX
0%
Model ZXPrimaryMega Man ZX
0%
AkumaPrimaryStreet Fighter
0%
KarinPrimaryStreet Fighter
0%
OctomanPrimaryF-Zero
0%
Sun SalutationSupportWii Fit
0%
BabaSupportF-Zero
0%
Mighty GazellePrimaryF-Zero
0%
NashSupportStreet Fighter
0%
DancerSupportWii Fit
0%
Mega LucarioPrimaryPokémon
0%
Keldeo (Ordinary Form)PrimaryPokémon
0%
WarriorSupportWii Fit
0%
Cobalion, Terrakion, & VirizionPrimaryPokémon
0%
Kyurem (White Kyurem)PrimaryPokémon
0%
Kyurem (Black Kyurem)PrimaryPokémon
0%
Bio RexPrimaryF-Zero
0%
Poppi αSupportXenoblade Chronicles
0%
Thundurus (Incarnate Forme)SupportPokémon
0%
Tornadus (Incarnate Forme)SupportPokémon
0%
HydreigonPrimaryPokémon
0%
Arm & Leg LiftSupportWii Fit
0%
Bonus FruitSupportPAC-MAN
0%
Soda PoinskiSupportPunch-Out!!
0%
Buzz BuzzPrimaryEarthBound
0%
Ness's FatherSupportEarthBound
0%
Dungeon ManSupportEarthBound
0%
Great TigerPrimaryPunch-Out!!
0%
Ramblin' Evil MushroomSupportEarthBound
0%
Mega Man ZeroPrimaryMega Man Zero
0%
Meta Gear REXPrimaryMetal Gear Solid
0%
Geo Stelar & Omega-XisPrimaryMega Man Star Force
0%
ParachuteSupportGame & Watch
0%
Fiery BlowhogPrimaryPikmin
0%
CenturionSupportKid Icarus
0%
Pit (Original)PrimaryKid Icarus
0%
Peckish AristocrabPrimaryPikmin
0%
MockiwiPrimaryPikmin
0%
Turtle BridgeSupportGame & Watch
0%
Chef (Game & Watch)SupportGame & Watch
0%
FlagmanSupportGame & Watch
0%
Reaper & ReapetteSupportKid Icarus
0%
Tsubasa Oribe (Carnage Form)PrimaryTokyo Mirage Sessions ♯FE
0%
GaronSupportFire Emblem
0%
RoverSupportAnimal Crossing
0%
GulliverPrimaryAnimal Crossing
0%
JakobSupportFire Emblem
0%
KatrinaSupportAnimal Crossing
0%
LloidPrimaryAnimal Crossing
0%
WalhartSupportFire Emblem
0%
Amazon PandoraPrimaryKid Icarus
0%
Pseudo-PalutenaSupportKid Icarus
0%
Kaitlin & KatieSupportAnimal Crossing
0%
RosemarySupportMetal Gear Solid
0%
GekkoSupportMetal Gear Solid
0%
Paz Ortega AndradeSupportMetal Gear Solid
0%
SahelanthropusPrimaryMetal Gear Solid
0%
Kazuhira MillerSupportMetal Gear Solid
0%
Zero (Metal Gear Solid 3)SupportMetal Gear Solid
0%
Revolver Ocelot (Metal Gear Solid V)PrimaryMetal Gear Solid
0%
EVASupportMetal Gear Solid
0%
The BossPrimaryMetal Gear Solid
0%
Solidus SnakePrimaryMetal Gear Solid
0%
LurchthornPrimaryKid Icarus
0%
Meryl SilverburghPrimaryMetal Gear Solid
0%
Deoxys (Normal Forme)PrimaryPokémon
0%
Shake KingPrimaryWario Land
0%
Count CannoliPrimaryWario Land
0%
FronksSupportWarioWare
0%
PyoroSupportWarioWare
0%
Sonic the WerehogSupportSonic the Hedgehog
0%
MimicutieSupportKid Icarus
0%
BrewsterSupportAnimal Crossing
0%
Dr. ShrunkSupportAnimal Crossing
0%
ProtoMan.EXEPrimaryMega Man Battle Network
0%
MerricSupportFire Emblem
0%
NynaSupportFire Emblem
0%
Pegasus SistersPrimaryFire Emblem
0%
Shadow ManSupportMega Man
0%
Drill ManSupportMega Man
0%
MinervaPrimaryFire Emblem
0%
Gravity ManMasterMega Man
0%
Napalm ManPrimaryMega Man
0%
Knight ManPrimaryMega Man
0%
SiriusPrimaryFire Emblem
0%
Wind ManSupportMega Man
0%
Sword ManSupportMega Man
0%
Full Armor XPrimaryMega Man X
0%
Zero (Zero Buster)PrimaryMega Man X
0%
AxlSupportMega Man X
0%
Roll CaskettSupportMega Man Legends
0%
ZodaPrimaryF-Zero
0%
Jack LevinPrimaryF-Zero
0%
CamusPrimaryFire Emblem
0%
StrangeloveSupportMetal Gear Solid
0%
FrillardSupportAnimal Crossing
0%
L'ArachelSupportFire Emblem
0%
Zipper T. BunnyPrimaryAnimal Crossing
0%
SerenaSupportAnimal Crossing
0%
Queen ElinciaPrimaryFire Emblem
0%
ElinciaPrimaryFire Emblem
0%
MistSupportFire Emblem
0%
SorenSupportFire Emblem
0%
TitaniaPrimaryFire Emblem
0%
LyonPrimaryFire Emblem
0%
NinoSupportFire Emblem
0%
DeirdreSupportFire Emblem
0%
KarelSupportFire Emblem
0%
NinianSupportFire Emblem
0%
RavenPrimaryFire Emblem
0%
Wily CapsulePrimaryMega Man
0%
MettaurPrimaryMega Man
0%
LilinaPrimaryFire Emblem
0%
JuliusPrimaryFire Emblem
0%
SeliphPrimaryFire Emblem
0%
CodyPrimaryStreet Fighter
0%

Score Distribution

Percentile by Number Answered

Percent of People with Each Score

Your Score History

You have not taken this quiz